<?xml version="1.0" encoding="UTF-8"?>
<collection xmlns="http://www.loc.gov/MARC21/slim">
 <record>
  <leader>01382pamaa2200277   4500</leader>
  <controlfield tag="001">0000047046</controlfield>
  <controlfield tag="005">20140922090000.0</controlfield>
  <controlfield tag="008">100518                             eng  </controlfield>
  <datafield tag="020" ind1="0" ind2="0">
   <subfield code="a">9780470185483 (pbk) </subfield>
  </datafield>
  <datafield tag="082" ind1=" " ind2=" ">
   <subfield code="a">005.14 RUB</subfield>
  </datafield>
  <datafield tag="090" ind1="0" ind2="0">
   <subfield code="a">QA76.9.U83 </subfield>
   <subfield code="b">RUB 2008</subfield>
  </datafield>
  <datafield tag="100" ind1="1" ind2="0">
   <subfield code="a">Rubin </subfield>
  </datafield>
  <datafield tag="245" ind1="1" ind2="0">
   <subfield code="a">Handbook of usability testing : </subfield>
   <subfield code="b">how to plan, design and conduct effective tests  </subfield>
   <subfield code="c">Jeffrey Rubin, Dana Chisnell.</subfield>
  </datafield>
  <datafield tag="250" ind1="0" ind2="0">
   <subfield code="a">2nd ed.</subfield>
  </datafield>
  <datafield tag="260" ind1="0" ind2="0">
   <subfield code="a">Indianapolis, IN: </subfield>
   <subfield code="b">Wiley Pub., </subfield>
   <subfield code="c">2008.</subfield>
  </datafield>
  <datafield tag="300" ind1=" " ind2=" ">
   <subfield code="a">xxxvi, 348p.; </subfield>
   <subfield code="c">25cm.</subfield>
  </datafield>
  <datafield tag="500" ind1="0" ind2="0">
   <subfield code="a">Includes an index</subfield>
  </datafield>
  <datafield tag="501" ind1="0" ind2="0">
   <subfield code="a">BMCCU</subfield>
  </datafield>
  <datafield tag="501" ind1="0" ind2="0">
   <subfield code="a">BCSCU</subfield>
  </datafield>
  <datafield tag="501" ind1="0" ind2="0">
   <subfield code="a">BSECU</subfield>
  </datafield>
  <datafield tag="501" ind1="0" ind2="0">
   <subfield code="a">BNCCU / BSECU / BITCU / BMCCU / BCSCU</subfield>
  </datafield>
  <datafield tag="501" ind1="0" ind2="0">
   <subfield code="a">BITMI</subfield>
  </datafield>
  <datafield tag="505" ind1="0" ind2="0">
   <subfield code="a">Part One: Usability testing: an overview. What makes something usable? -- What is usability testing? -- When should you test? -- Skills for test moderators. Part Two: The process for conducting a test. Develop the test plan -- Set up a testing environment -- Find and select participants -- Prepare test materials -- Conduct the test sessions -- Debrief the participant and observers -- Analyze data and observations -- Report findings and recommendations. Part Three: Advanced techniques. Expanding from usability testing to designing the user experience</subfield>
  </datafield>
  <datafield tag="650" ind1="0" ind2="0">
   <subfield code="a">User interfaces (Computer systems) -- </subfield>
   <subfield code="x">Testing </subfield>
  </datafield>
  <datafield tag="700" ind1="1" ind2="1">
   <subfield code="a">Chisnell, </subfield>
   <subfield code="h">Dana </subfield>
  </datafield>
  <datafield tag="901" ind1=" " ind2=" ">
   <subfield code="u">www.wiley.com</subfield>
  </datafield>
 </record>
</collection>
